Normal view
MARC view
Entry Personal Name
001 - CONTROL NUMBER
- control field: 33117
003 - CONTROL NUMBER IDENTIFIER
- control field: OSt
005 - DATE AND TIME OF LATEST TRANSACTION
- control field: 20250514031314.0
008 - FIXED-LENGTH DATA ELEMENTS
- fixed length control field: 250514|| aca||aabn | a|a d
040 ## - CATALOGING SOURCE
- Original cataloging agency: OSt
- Transcribing agency: OSt
100 ## - HEADING--PERSONAL NAME
- Personal name: Caspe, Artemio G
670 ## - SOURCE DATA FOUND
- Source citation: Work cat.: (OSt)10333: Caspe, Artemio G, Sports in the life of the students /, 2012.